| 000 | 00487nam a2200133 a 4500 | ||
|---|---|---|---|
| 008 | 120416s1977 ||||||||||||||||| || u | ||
| 050 | _aHF 5718 Hat | ||
| 100 | _aHatch, Richard A | ||
| 245 | 1 | 0 | _aCommunicating in business |
| 260 |
_aChicago _bScience Research Associates _c1977 |
||
| 300 | _axiii, 348p. : ill | ||
| 350 | _a0.00 | ||
| 995 |
_D0.00 _FCBU-MAIN LIBRARY (Kitwe) _H1 _I0.00 _M1 _UAVAILABLE _ZMain Library Open Access Collection |
||
| 999 |
_c37906 _d37906 |
||